ბათუმის შოთა რუსთაველის სახელმწიფო უნივერსიტეტის ბიბლიოთეკა

რაინდი სული : (ბიბ.ჩანაწერი № 39733)

000 -ლიდერი
ფიქსირებული სიგრძის საკონტროლო ველი 01219nam a2200253Ia 4500
001 - საკონტროლო ნომერი
საკონტროლო ველი 6338
003 - საკონტროლო ნომრის იდენტიფიკატორი
საკონტროლო ველი GE_BSU
005 - ბოლო ოპერაციის თარიღი და დრო
საკონტროლო ველი 20191002173425.0
008 - ფიქსირებული სიგრძის მონაცემთა ელემენტები - ზოგადი ინფორმაცია
ფიქსირებული სიგრძის საკონტროლო ველი 181216s||||||||xx |||||||||||||| ||und||
040 ## - კატალოგიზაციის წყარო
Transcribing agency GE_BSU
041 ## - ენის კოდი
Language code of text/sound track or separate title geo
080 ## - უნივერსალური ათობითი კლასიფიკაციის ინდექსი
Universal Decimal Classification number 821.353.1-316 ბ-27
100 ## - მთავარი ჩანაწერი - პიროვნების სახელი
Personal name ბარნოვი, ვასილ
9 (RLIN) 4407
245 ## - ცნობა სათაურის შესახებ
Title რაინდი სული :
Remainder of title მოთხრობები /
Statement of responsibility, etc ვასილ ბარნოვი ; რედ. : მიმოზა ძიძიგური ; შემდგ. : გურამ გვერდწითელი, ჯანსუღ ორძაია.
264 ## - წარმოების, გამოცემის, დისტრიბუციის და სხვა ცნობები
გამოცემის, წარმოების, დისტრიბუციის... ადგილი თბილისი :
გამოცემის, წარმოების, დისტრიბუციის... სახელწოდება მერანი ;
გამოცემის, წარმოების, დისტრიბუციის... თარიღი 1991.
300 ## - ფიზიკური აღწერა
Extent 511 გვ. ;
Dimensions 21 სმ.
490 ## - სერიის ცნობა
Series statement ქართული ისტორიული პროზა
653 ## - INDEX TERM--UNCONTROLLED
Uncontrolled term რაინდი სული
653 ## - INDEX TERM--UNCONTROLLED
Uncontrolled term მოთხრობები
700 ## - ADDED ENTRY--PERSONAL NAME
Personal name ძიძიგური, მიმოზა
Relator term რედაქტორი
9 (RLIN) 4459
700 ## - ADDED ENTRY--PERSONAL NAME
Personal name გვერდწითელი, გურამ
Relator term შემდგენელი
9 (RLIN) 3781
700 ## - ADDED ENTRY--PERSONAL NAME
Personal name კორძაია, ჯანსუღ
Relator term შემდგენელი
9 (RLIN) 4460
942 ## - ADDED ENTRY ELEMENTS (KOHA)
Koha item type წიგნი
Source of classification or shelving scheme
ეგზემპლარები
ჩამოწერის სტატუსი დაკარგული ეგზემპლარის სტატუსი კლასიფიკაციის წყარო ან თაროზე გაწყობის სქემა დაზიანების სტატუსი არ გაიცემა მუდმივი მდებარეობა (დაცვის ადგილი) ამჟამინდელი ადგილსამყოფელი თაროზე განთავსების ადგილი შეძენის თარიღი სრული შენახვის შიფრი შტრიხკოდი ბოლო ოპერაციის თარიღი ეგზემპლარის მიმდევრობითი ნომერი (კეტერი?) ფასის ძალაში შესვლის თარიღი ეგზემპლარის სახეობა
          ბათუმის შოთა რუსთაველის სახელმწიფო უნივერსიტეტის მთავარი ბიბლიოთეკა ბათუმის შოთა რუსთაველის სახელმწიფო უნივერსიტეტის მთავარი ბიბლიოთეკა წიგნსაცავი 2018-12-17 821.353.1-316 ბ-27 13958 2018-12-17 13958 2018-12-17 წიგნი